Detalles MARC
| 000 -LEADER |
| campo de control de longitud fija |
02216nam a2200421 i 4500 |
| 003 - IDENTIFICADOR DE NÚMERO DE CONTROL |
| campo de control |
peliumch |
| 005 - FECHA Y HORA DE LA ÚLTIMA TRANSACCIÓN |
| campo de control |
20260202172324.0 |
| 007 - CAMPO FIJO DE DESCRIPCIÓN FÍSICA--INFORMACIÓN GENERAL |
| campo de control de longitud fija |
ta |
| 008 - DATOS DE LONGITUD FIJA--INFORMACIÓN GENERAL |
| campo de control de longitud fija |
260202t2024 pe ||||gr|||| 00| 0 spa d |
| 020 ## - NÚMERO INTERNACIONAL ESTÁNDAR DEL LIBRO |
| Número Internacional Estándar del Libro |
9786125074171 |
| 040 ## - FUENTE DE CATALOGACIÓN |
| Centro catalogador/agencia de origen |
UMCH |
| Lengua de catalogación |
spa |
| Centro/agencia transcriptor |
UMCH |
| Centro/agencia modificador |
jmr |
| Normas de descripción |
rda |
| 041 0# - CÓDIGO DE IDIOMA |
| Código de lengua del texto/banda sonora o título independiente |
spa |
| 043 ## - CÓDIGO DE ÁREA GEOGRÁFICA |
| Código de área geográfica |
s-pe--- |
| 082 04 - NÚMERO DE LA CLASIFICACIÓN DECIMAL DEWEY |
| Número de clasificación |
869.56/Y38L |
| 100 1# - ENTRADA PRINCIPAL--NOMBRE DE PERSONA |
| Nombre de persona |
Yauri Montero, Marcos, |
| Fechas asociadas al nombre |
1930- |
| 245 ## - MENCIÓN DEL TÍTULO |
| Título |
Laberintos de la memoria : |
| Resto del título |
reinterpretación de relatos orales y mitos andinos / |
| Mención de responsabilidad, etc. |
Marcos Yauri Montero. |
| 250 ## - MENCION DE EDICION |
| Mención de edición |
Segunda edición. |
| 264 #1 - PRODUCCIÓN, PUBLICACIÓN, DISTRIBUCIÓN, FABRICACIÓN Y COPYRIGHT |
| Producción, publicación, distribución, fabricación y copyright |
Lima : |
| Nombre del de productor, editor, distribuidor, fabricante |
ALDO Editores Importadores : |
| Fecha de producción, publicación, distribución, fabricación o copyright |
2024 |
| 264 #4 - PRODUCCIÓN, PUBLICACIÓN, DISTRIBUCIÓN, FABRICACIÓN Y COPYRIGHT |
| Fecha de producción, publicación, distribución, fabricación o copyright |
©2024 |
| 300 ## - DESCRIPCIÓN FÍSICA |
| Extensión |
279 páginas ; |
| Dimensiones |
21 cm. |
| 490 0# - MENCIÓN DE SERIE |
| Mención de serie |
(Arte, cultura y sociedad) |
| 500 ## - NOTA GENERAL |
| Nota general |
El escritor pertenece a la: Generación del 60. |
| 504 ## - NOTA DE BIBLIOGRAFÍA, ETC. |
| Nota de bibliografía, etc. |
Bibliografía : páginas 261-276 |
| 505 0# - NOTA DE CONTENIDO CON FORMATO |
| Información miscelánea |
Capítulo I: |
| Título |
Introducción-- |
| Información miscelánea |
Capítulo II: |
| Título |
Aculturación y mitología-- |
| Información miscelánea |
Capítulo III: |
| Título |
Carencia y mitología-- |
| Información miscelánea |
Capítulo IV: |
| Título |
La crisis: tiempo de dolor, miseria, crimen, enfermedad y muerte-- |
| Información miscelánea |
Capítulo V: |
| Título |
Reinterpretación de la historia-- |
| Información miscelánea |
Capítulo VI: |
| Título |
Mitología de la resistencia-- |
| Información miscelánea |
Capítulo VII: |
| Título |
Un héroe cultural: el zorzal. |
| 520 ## - RESUMEN, ETC. |
| Sumario, etc. |
"Conjunto de ensayos cuya preocupación esencial es la interpretación de algunos mitos y otros relatos orales producidos en el Perú antes y después de la invasión española. En sus páginas fluye una constante preocupación por el uso de nuevos conceptos, categorías, instrumentos y modelos de análisis, asimilados creativamente de la filosofía, del psicoanálisis, de la historia, de la arqueología, de la etnohistoria, y de otras ciencias, que le permiten al autor transitar en sus análisis por caminos nuevos o todavía poco conocidos en el estudio de los mitos y relatos orales andinos". |
| 521 ## - NOTA DE PÚBLICO DESTINATARIO |
| Nota de público destinatario |
Recomendado para un público general.<br/> |
| 650 14 - PUNTO DE ACCESO ADICIONAL DE MATERIA--TÉRMINO DE MATERIA |
| Término de materia o nombre geográfico como elemento de entrada |
Literatura peruana |
| 650 24 - PUNTO DE ACCESO ADICIONAL DE MATERIA--TÉRMINO DE MATERIA |
| Término de materia o nombre geográfico como elemento de entrada |
Ensayos peruanos |
| 650 24 - PUNTO DE ACCESO ADICIONAL DE MATERIA--TÉRMINO DE MATERIA |
| Término de materia o nombre geográfico como elemento de entrada |
Literatura oral |
| 650 24 - PUNTO DE ACCESO ADICIONAL DE MATERIA--TÉRMINO DE MATERIA |
| Término de materia o nombre geográfico como elemento de entrada |
Mitos |
| 650 24 - PUNTO DE ACCESO ADICIONAL DE MATERIA--TÉRMINO DE MATERIA |
| Término de materia o nombre geográfico como elemento de entrada |
Interpretación |
| 650 24 - PUNTO DE ACCESO ADICIONAL DE MATERIA--TÉRMINO DE MATERIA |
| Término de materia o nombre geográfico como elemento de entrada |
Pedagógico San Marcos (Lima) |
| 942 ## - ELEMENTOS DE ENTRADA SECUNDARIOS (KOHA) |
| Fuente del sistema de clasificación o colocación |
Clasificación Decimal Dewey |
| Tipo de ítem Koha |
Libros |
| Suprimir en OPAC |
No |